Polen - begehrtes Urlaubsland? Elisabeth Göbel und die Nachbarn jenseits der Oder

Titel: Polen - begehrtes Urlaubsland? Elisabeth Göbel und die Nachbarn jenseits der Oder
Verfasser:
In: Deutsch-polnische Beziehungen in Kultur und Literatur ; 4. 13. - 15. April 2012, (2012), Seite 255-261
alle Artikel anzeigen
Veröffentlicht: 2012
Format: Aufsatz
Sprache: Deutsch
Kein Bild verfügbar
X
alg: 39275403
001A    $01999:11-11-16 
001B    $01999:28-04-17 $t15:15:11.000 
001D    $01999:11-11-16 
001U    $0utf8 
001X    $00 
002@    $0Aox 
003@    $0392754037 
007A    $0392754037 $aHEB 
007T    $0Herdc0098898m 
010@    $ager 
011@    $a2012 
021A    $aPolen - begehrtes Urlaubsland? Elisabeth Göbel und die Nachbarn jenseits der Oder 
028A    $aGórajek $dAnna 
031A    $h255-261 $j2012 
039B    $aIn $8--Afu--. Deutsch-polnische Beziehungen in Kultur und Literatur ; 4. 13. - 15. April 2012. - Warszawa : Inst. Germanistyki Uniw. Warszawskiego, 2012. - 344 S.. - Ill.. - ISBN 83-89919-81-8 $x201200000000000745 $9334894433 

lok: 39275403 78

exp: 39275403 78 1 #EPN
201B/01 $019-04-17 $t11:32:33.000 
201U/01 $0utf8 
203@/01 $0788853406 
208@/01 $a11-11-16 $be 
209A/01 $a/ $f000 $x00 
220C/01 $aTitelaufnehmer: pg 
220C/01 $aHerkunft: HI Marburg 
244Z/01 $2Trx $#Poola $#Lenkija $#Polija $#Polen Land $#Poland $#Lengyelország $#Poľsko $#Polsko $8--Trx--Polska$gkraj $x01 $9391345966 
244Z/01 $aGeschichte 1999-2007 $x02 
244Z/01 $2Trx $8--Trx--Göbel, Elisabeth$Z1939- $x03 $9390533033 
244Z/01 $2Trx $#suhted, Poola-Saksa $#santykiai, lenkų ir vokiečių $#relations, German-Polish $#kapcsolatok, lengyel-német $#stosunki niemiecko-polskie $#vzťahy nemecko-poľské $#vztahy německo-polské $8--Trx--Beziehungen, deutsch-polnische $x04 $9391368397 
244Z/01 $2Trx $#reisid $#kelionės $#travel $#utazás $#podróże $#cesty $#cesty $#cesty zahraniční $8--Trx--Reisen $x05 $9391375873 
244Z/01 $2Trx $#turism $#turizmas $#tourism $#turizmus $#turystyka $#cestovný ruch $#cestovní ruch $#Fremdenverkehr $8--Trx--Tourismus $x06 $9391361392 
244Z/01 $2Trx $#kirjandus, Saksa $#literatūra, vokiečių $#Literature, German $#irodalom, német $#literatura niemiecka $#literatúra nemecká $#literatura německá $8--Trx--Literatur, deutsche $x07 $9391368125 
244Z/01 $2Trx $#stereotüübid $#stereotipai $#Stereotypes $#sztereotipiák $#stereotypy $#stereotypy $#stereotypy $#Imagologie $#Fremdwahrnehmung $#Fremdenwahrnehmung $#imagologia $#imagológia $#imagologie $8--Trx--Stereotype $x08 $9391366254 
244Z/01 $2Trx $8--Trx--Einzelbeiträge $x09 $9391384570 
245Z/01 $a11.03;11.08 $x01 
247C/01 $82080>Marburg/Lahn, Herder-Institut, Forschungsbibliothek, Bibliographieportal $9336309341
LEADER 00000caa a22000002c 4500
001 392754037
003 DE-603
005 20170428151511.0
007 tu
008 161111s2012 xx |||| | u00||u|ger c
035 |a (DE-599)HEB392754037 
040 |a DE-603  |b ger  |c DE-603  |d DE-603 
041 |a ger 
100 1 |a Górajek, Anna 
245 0 0 |a Polen - begehrtes Urlaubsland? Elisabeth Göbel und die Nachbarn jenseits der Oder 
264 0 |c 2012 
773 0 8 |i In  |t Deutsch-polnische Beziehungen in Kultur und Literatur ; 4. 13. - 15. April 2012  |d Warszawa : Inst. Germanistyki Uniw. Warszawskiego, 2012  |h 344 S., Ill.  |z 8389919818  |g (2012), Seite 255-261  |w (DE-603)334894433 
924 0 |9 2080  |a (DE-603)788853406  |b DE-2080  |c HES  |d d  |g /